Az OTP Bank pénzügyi elemzése

Bibliographic Details
Main Author: Ipsits Gergely Gábor
Other Authors: Mérő Dr. Katalin
Format: Thesis
Kulcsszavak:CAMELS
elemzés
OTP
Online Access:http://dolgozattar.uni-bge.hu/19641

MARC

LEADER 00000nta a2200000 i 4500
001 dolg19641
005 20181214165320.0
008 181214suuuu hu om 000 hun d
040 |a BGE Dolgozattár Repozitórium  |b hun 
041 |a hu 
100 1 |a Ipsits Gergely Gábor 
245 1 3 |a Az OTP Bank pénzügyi elemzése  |c Ipsits Gergely Gábor  |h [elektronikus dokumentum] 
695 |a CAMELS 
695 |a elemzés 
695 |a OTP 
700 1 |a Mérő Dr. Katalin  |e ths 
856 4 0 |u http://dolgozattar.uni-bge.hu/19641/1/Szakdolgozat.pdf  |z Dokumentum-elérés